|
|
|
|
| LEADER |
00000cam a2200000 7i4500 |
| 001 |
0000000109 |
| 005 |
20000704.0 |
| 020 |
0 |
0 |
|a 0297842293
|
| 090 |
0 |
0 |
|a 338.9595
|b MAH 1998
|
| 100 |
0 |
0 |
|a MAHATHIR bin Mohamad
|f Dato' Seri
|c 1925-
|
| 245 |
1 |
4 |
|a The way forward
|c Dr Mahathir bin Mohamad
|
| 260 |
0 |
0 |
|a London :
|b Weidenfeld and Nicholson ,
|c 1998
|
| 300 |
|
|
|a 133 p. ;
|c 24 cm.
|
| 651 |
0 |
0 |
|a Malaysia
|x Economic policy
|
| 651 |
0 |
0 |
|a Malaysia
|x Ethnic relations
|
| 651 |
0 |
0 |
|a Malaysia
|x Politics and government
|
| 999 |
|
|
|a 0000001227
|b Monograph
|c Open Shelf
|e Default branch
|
| 999 |
|
|
|a 0000001228
|b Monograph
|c Open Shelf
|e Default branch
|